Etudes d'économie publique / (Registro nro. 7731)

Detalles MARC
000 -LEADER
fixed length control field 01067nam a2200277Ia 4500
003 - CONTROL NUMBER IDENTIFIER
control field OSt
005 - DATE AND TIME OF LATEST TRANSACTION
control field 20210423102413.0
008 - FIXED-LENGTH DATA ELEMENTS--GENERAL INFORMATION
fixed length control field 210310s1979 fr ad fr 000 0 fre d
020 ## - INTERNATIONAL STANDARD BOOK NUMBER
International Standard Book Number 2717801081
040 ## - CATALOGING SOURCE
Original cataloging agency CO-JMCR
Transcribing agency CO-JMCR
041 0# - LANGUAGE CODE
Language code of text/sound track or separate title fre
082 04 - DEWEY DECIMAL CLASSIFICATION NUMBER
Classification number 336.007 /
Item number C949e
Edition number 23
100 1# - MAIN ENTRY--PERSONAL NAME
Personal name Cros, Robert,
9 (RLIN) 15289
Relator term autor
245 10 - TITLE STATEMENT
Title Etudes d'économie publique /
Statement of responsibility, etc. Robert Cros, Denise Flouzat
260 ## - PUBLICATION, DISTRIBUTION, ETC.
Place of publication, distribution, etc. Paris :
Name of publisher, distributor, etc. Economica,
Date of publication, distribution, etc. 1979
300 ## - PHYSICAL DESCRIPTION
Other physical details 136 páginas :
Extent ilustraciones y gráficos a blanco y negro ;
Dimensions 24 cm.
490 0# - SERIES STATEMENT
Series statement Sciences Économiques
500 ## - GENERAL NOTE
General note Incluye notas a pie de página.
504 ## - BIBLIOGRAPHY, ETC. NOTE
Bibliography, etc. note Bibliografía al final de cada capítulo.
505 0# - FORMATTED CONTENTS NOTE
Formatted contents note L´équité et l´offre optimale de biens collectifs -- Etude critique du concept d´équité horizontale en matiere fiscale
650 14 - SUBJECT ADDED ENTRY--TOPICAL TERM
Topical term or geographic name entry element Bienes públicos
General subdivision Modelos matemáticos
9 (RLIN) 37080
650 24 - SUBJECT ADDED ENTRY--TOPICAL TERM
Topical term or geographic name entry element Fiscalidad
General subdivision Modelos matemáticos
9 (RLIN) 37081
650 24 - SUBJECT ADDED ENTRY--TOPICAL TERM
Topical term or geographic name entry element Economía del bienestar
General subdivision Modelos matemáticos
9 (RLIN) 37082
700 1# - ADDED ENTRY--PERSONAL NAME
Personal name Flouzat, Denise,
Relator term autor
9 (RLIN) 37083
942 ## - ADDED ENTRY ELEMENTS (KOHA)
Source of classification or shelving scheme Dewey Decimal Classification
Koha item type Books
Existencias
Withdrawn status Lost status Source of classification or shelving scheme Damaged status Not for loan Collection code Home library Current library Date acquired Source of acquisition Full call number Barcode Date last seen Copy number Koha item type
    Dewey Decimal Classification     Non-fiction Biblioteca Pública José María del Castillo y Rada Biblioteca Pública José María del Castillo y Rada 04/15/2018 Donación 336.007 / C949e 430004477 05/16/2024 Ej.1 Books